| 000 | 01003nam a2200301 a 4500 | ||
|---|---|---|---|
| 999 |
_c6734 _d6734 |
||
| 001 | 6734 | ||
| 003 | BD-JhCC | ||
| 005 | 20180129105533.0 | ||
| 008 | 180129s1924 enk 000 0 eng d | ||
| 035 | _a(BD-JhCC)6734 | ||
| 040 |
_aBD-JhCC _cFDA _dBD-JhCC |
||
| 041 | _aeng | ||
| 050 | 0 |
_aPR4152 _b.M5 |
|
| 082 |
_a828 _bSTE 1945 |
||
| 100 | 1 |
_aBorrow, George, _d1803-1881. |
|
| 245 | 1 | 0 |
_aBorrow: selections with essays by Richard Ford, Leslie Stephen & George Saintsbury / _cwith an introduction and notes by Humphrey S. Milford |
| 260 |
_aOxford : _bThe Clarendon Press, _c1924 |
||
| 300 |
_a223, [1] p. _bfront. (port.) _c19 cm |
||
| 600 | _aFord Richard,1796-1858 | ||
| 650 | _aEnglish Miscelleous writing | ||
| 700 | 1 |
_aFord, Richard, _d1796-1858. |
|
| 700 | 1 |
_aStephen, Leslie, _d1832-1904. |
|
| 700 | 1 |
_aSaintsbury, George, _d1845-1933. |
|
| 700 | 1 |
_aMilford, Humphrey Sumner, _cSir, _d1877-1952. |
|
| 830 | 0 | _aClarendon series of English literature | |
| 942 |
_2ddc _cBK |
||